UBT Library

Machine vision : (Record no. 945)

000 -LEADER
fixed length control field 00509nam a22001577a 4500
008 - FIXED-LENGTH DATA ELEMENTS--GENERAL INFORMATION
fixed length control field 150601b xxu||||| |||| 00| 0 eng d
020 ## - INTERNATIONAL STANDARD BOOK NUMBER
International Standard Book Number 0387138374
041 0# - LANGUAGE CODE
Language code of text/sound track or separate title eng
080 ## - UNIVERSAL DECIMAL CLASSIFICATION NUMBER
Universal Decimal Classification number 681.5
100 1# - Rafti
Rafti Hollingum, Jack.
245 10 - TITLE STATEMENT
Title Machine vision :
Statement of responsibility, etc by Jack Hollingum.
260 ## -
-- Bedford [Bedfordshire] :
-- IFS (Publications) ;
-- 1984.
300 ## -
-- 113 f. :
-- me il. ;
-- 21 cm.
650 #0 -
-- Procesimi i imazheve
-- Teknikat digjitale
942 ## - ADDED ENTRY ELEMENTS (KOHA)
Source of classification or shelving scheme
Item type Books
Holdings
Withdrawn status Lost status Source of classification or shelving scheme Damaged status Not for loan Collection code Permanent location Current location Shelving location Date acquired Total Checkouts Full call number Date last seen Price effective from Koha item type
          Koleksioni i përgjithshem UBT - Lipjan UBT - Lipjan Koleksioni i përgjithshem 06/01/2015   681.5 HOL 06/01/2015 06/01/2015 Books
UBT Library © 2015-2024. All rights reserved University Education for Business and Technology